000 00589cam a22002053a 4500
001 33912
003 PGUSA
005 20140828083731.0
008 101020s2010||||xxu|||||s|||||000 | eng d
040 _aPGUSA
_beng
042 _adc
100 1 _aVogel, Robert M.
245 1 4 _aThe Engineering Contributions of Wendel Bollman
_h[electronic resource] /
_cRobert M. Vogel
260 _bProject Gutenberg,
_c2010
506 _aPublic domain in the USA.
516 _aElectronic text
830 0 _aProject Gutenberg
_v33912
856 4 0 _uhttp://www.gutenberg.org/ebooks/33912
942 _cEB
999 _c263167
_d263167